BIBLIOTECA

SENCICO

wwarchitecture - 30 of the most relevant world architects / (Registro nro. 4066)

Detalles MARC
000 -LEADER
fixed length control field 00746nam a22002537a 4500
003 - CONTROL NUMBER IDENTIFIER
control field PE SENCICO BE
005 - DATE AND TIME OF LATEST TRANSACTION
control field 20251020182634.0
008 - FIXED-LENGTH DATA ELEMENTS--GENERAL INFORMATION
fixed length control field 230324b |||||||| |||| 00| 0 eng d
020 ## - INTERNATIONAL STANDARD BOOK NUMBER
International Standard Book Number 978-9962-04-601-1
040 ## - CATALOGING SOURCE
Original cataloging agency PE SENCICO BE
Transcribing agency PE SENCICO BE
041 ## - LANGUAGE CODE
Language code of text/sound track or separate title spa
082 ## - DEWEY DECIMAL CLASSIFICATION NUMBER
Classification number 720
Item number A
100 1# - MAIN ENTRY--PERSONAL NAME
9 (RLIN) 816
Personal name Asensio, Óscar
Relator term autor
245 1# - TITLE STATEMENT
Title wwarchitecture - 30 of the most relevant world architects /
Statement of responsibility, etc. Oscar Asensio
250 ## - EDITION STATEMENT
Edition statement [1a ed.]
260 ## - PUBLICATION, DISTRIBUTION, ETC.
Place of publication, distribution, etc. s.l. :
Name of publisher, distributor, etc. Lexus,
Date of publication, distribution, etc. 2018
300 ## - PHYSICAL DESCRIPTION
Extent 336 p. :
Other physical details il. col., lams.,
Dimensions 26 cm.
650 14 - SUBJECT ADDED ENTRY--TOPICAL TERM
9 (RLIN) 49
Topical term or geographic name entry element Arquitectura
650 24 - SUBJECT ADDED ENTRY--TOPICAL TERM
9 (RLIN) 472
Topical term or geographic name entry element Arquitectura contemporánea
650 24 - SUBJECT ADDED ENTRY--TOPICAL TERM
9 (RLIN) 18
Topical term or geographic name entry element Diseño arquitectónico
650 24 - SUBJECT ADDED ENTRY--TOPICAL TERM
9 (RLIN) 282
Topical term or geographic name entry element Arquitectos
910 ## - USER-OPTION DATA (OCLC)
-- hfp
-- hfp
942 ## - ADDED ENTRY ELEMENTS (KOHA)
Source of classification or shelving scheme Dewey Decimal Classification
Koha item type Libros
Existencias
Fecha de la última vez que lo usaron Número de ingreso o de inventario Pago total Signatura topográfica completa Precio efectivo desde Tipo de documento Estado perdido Sistema de clasificación Estado dañado No es para préstamo Retirado Ubicación permanente Ubicación actual Fecha de adquisición
24/03/2023 16455   720/A81 24/03/2023 Libros   Dewey Decimal Classification       Biblioteca Central Lima Biblioteca Central Lima 24/03/2023